000 00306nam a2200133Ia 4500
008 231129s1994||||xx |||||||||||||| ||spa||
040 _bspa
082 _a658.57 P232s
100 _aParisca Simon A.
245 0 _aSistema nacional de innovacion
260 _c1994
264 _aSecab
942 _2ddc
_cBKS
999 _c24672
_d24672